000 00970nam a22002417a 4500
999 _c20819
_d20819
005 20200207092222.0
008 200207b xxu||||| |||| 00| 0 spa d
040 _aCO-BoIAVH
_cCO-BoIAVH
041 _aeng
044 _axxu
082 _a622.3422
_bU58c
110 _aUnited Nations Office on Drugs and Crime
245 _aColombia Alluvial Gold Exploitation
_bEvidences from remote sensing 2016 Mayo 2018
_cUnited Nations Office on Drugs and Crime y Ministerio de Minas y Energía
260 _as.l:
_bUnited Nations Office on Drugs and Crime,
_c2018.
300 _a144 páginas,
_bFotografías, mapas, gráficas e ilustraciones a color,
_c29.2 x 21.5 cm
650 0 _aMinas de oro
_zColombia
650 0 _aSector minero
650 0 _aVulnerabilidad social
650 0 _aExplotación ilegal
650 0 _aPolíticas públicas
710 _aMinisterio de Minas y Energía
_ecolaborador
942 _2ddc
_cLIBRO